|
|
|
|
| LEADER |
01896nam a2200529 i 4500 |
| 001 |
nkc20213352866 |
| 003 |
CZ PrNK |
| 005 |
20221014131035.0 |
| 007 |
ta |
| 008 |
210917s2022 xr a d p 000 0 cze |
| 015 |
|
|
|a cnb003352866
|
| 020 |
|
|
|a 978-80-908337-3-9
|q (brožováno) :
|c Kč 225,00
|
| 035 |
|
|
|a (OCoLC)1315529169
|
| 040 |
|
|
|a OLA001
|b cze
|e rda
|
| 072 |
|
7 |
|a 53
|x Fyzika
|2 Konspekt
|9 6
|
| 072 |
|
7 |
|a 37.016
|x Učební osnovy. Vyučovací předměty. Učebnice
|2 Konspekt
|9 22
|
| 080 |
|
|
|a 53
|2 MRF
|
| 080 |
|
|
|a 531/534
|2 MRF
|
| 080 |
|
|
|a 536
|2 MRF
|
| 080 |
|
|
|a (075.3)
|2 MRF
|
| 100 |
1 |
|
|a Hrdý, Jan,
|d 1953-
|7 mzk2009492197
|4 aut
|
| 245 |
1 |
0 |
|a Základy přírodních věd :
|b učebnice je určena pro střední školy netechnického zaměření.
|n 1,
|p Úvod do fyziky - mechanika - termika /
|c Jan Hrdý
|
| 246 |
3 |
0 |
|a Úvod do fyziky - mechanika - termika
|
| 250 |
|
|
|a 1. vydání
|
| 264 |
|
1 |
|a Uherský Brod :
|b HJS, Hrdý Jan a syn,
|c 2022
|
| 300 |
|
|
|a 96 sloupců, to je, 24 stran :
|b barevné ilustrace ;
|c 30 cm
|
| 336 |
|
|
|a text
|b txt
|2 rdacontent
|
| 337 |
|
|
|a bez média
|b n
|2 rdamedia
|
| 338 |
|
|
|a svazek
|b nc
|2 rdacarrier
|
| 490 |
1 |
|
|a Efektivní výuka fyziky
|
| 500 |
|
|
|a Název z obálky
|
| 500 |
|
|
|a Stránkování připraveno pro formát A6
|
| 650 |
0 |
7 |
|a fyzika
|7 ph114601
|2 czenas
|
| 650 |
0 |
7 |
|a mechanika
|7 ph115247
|2 czenas
|
| 650 |
0 |
7 |
|a termika
|7 ph117273
|2 czenas
|
| 650 |
0 |
9 |
|a physics
|2 eczenas
|
| 650 |
0 |
9 |
|a mechanics
|2 eczenas
|
| 650 |
0 |
9 |
|a thermics
|2 eczenas
|
| 655 |
|
7 |
|a učebnice středních škol
|7 fd133771
|2 czenas
|
| 655 |
|
9 |
|a textbooks (secondary)
|2 eczenas
|
| 830 |
|
0 |
|a Efektivní výuka fyziky
|0 s
|
| 910 |
2 |
|
|a BOA001
|b 4-1483.884,1
|
| 928 |
9 |
|
|a Hrdý Jan - a syn
|
| 990 |
|
|
|a BK
|
| 995 |
|
|
|a 01
|
| 991 |
|
|
|b 202205
|c NOV
|
| 996 |
6 |
|
|b 2610898771
|c 4-1483.884,1
|l MZK
|r Sklad / do 1 hodiny
|n 0
|p p.v.
|w 001883308
|u 000010
|a 1
|e BOA001
|j MZK50
|s P
|